| 000 | 00704 a2200217 4500 | ||
|---|---|---|---|
| 003 | UA-OsUOA | ||
| 005 | 20260506111731.0 | ||
| 008 | 260506b un ||||| |||| 00| 0 ukr d | ||
| 040 |
_aUA-OsUOA _beng _cUA-OsUOA _dUA-OsUOA |
||
| 041 | _aeng | ||
| 080 | _a2-18 | ||
| 090 |
_a2-18 _bW37 |
||
| 100 |
_aWeatherhead L. D. _925186 |
||
| 245 | _aThe Christian Agnostic | ||
| 260 |
_c1965 _aNew York ; _aNashville _bAbingdon Press |
||
| 300 | _a368 p. | ||
| 650 |
_2UDC _a2-18 Людина. Людство. Рід людський. Догматична антропологія _925187 |
||
| 942 |
_cBK _2udc |
||
| 955 | _a4 | ||
| 999 |
_c580652 _d580652 |
||